Statistiques concernant Personnages de Robin des Bois par images

Cliquez ici pour prendre le quiz!

Statistiques générales

  • Ce quiz a été pris 86 fois
  • Le résultat moyen est 6 sur 12

Statistiques - réponses

Réponse% Correct
Robin des Bois
99%
Petit Jean
86%
Marianne
84%
Prince Jean Sans Terre
75%
Richard Coeur de Lion
75%
Frère Tuck
64%
Shérif de Nottingham
57%
Triste Sire
38%
Dame Gertrude
23%
Pendard et Niquedouille
18%
Bobby
14%
Toby
9%

Distribution des résultats

Percentile par nombre de réponses

% des personnes avec chaque résultat

Votre développement - résultats

Vous n’avez pas pris ce quiz